<?xml version="1.0" encoding="UTF-8"?><?xml-stylesheet type="text/xsl" href="static/style.xsl"?><OAI-PMH xmlns="http://www.openarchives.org/OAI/2.0/" xmlns:xsi="http://www.w3.org/2001/XMLSchema-instance" xsi:schemaLocation="http://www.openarchives.org/OAI/2.0/ http://www.openarchives.org/OAI/2.0/OAI-PMH.xsd"><responseDate>2026-04-18T03:07:53Z</responseDate><request verb="GetRecord" identifier="oai:www.recercat.cat:20.500.14342/5164" metadataPrefix="marc">https://recercat.cat/oai/request</request><GetRecord><record><header><identifier>oai:recercat.cat:20.500.14342/5164</identifier><datestamp>2025-05-15T19:17:54Z</datestamp><setSpec>com_2072_482405</setSpec><setSpec>com_2072_183628</setSpec><setSpec>col_2072_482409</setSpec></header><metadata><record xmlns="http://www.loc.gov/MARC21/slim" xmlns:dcterms="http://purl.org/dc/terms/" xmlns:xsi="http://www.w3.org/2001/XMLSchema-instance" xmlns:doc="http://www.lyncode.com/xoai" xsi:schemaLocation="http://www.loc.gov/MARC21/slim http://www.loc.gov/standards/marcxml/schema/MARC21slim.xsd">
   <leader>00925njm 22002777a 4500</leader>
   <datafield ind2=" " ind1=" " tag="042">
      <subfield code="a">dc</subfield>
   </datafield>
   <datafield ind2=" " ind1=" " tag="720">
      <subfield code="a">Estevam do Nascimento, Larissa Fernanda</subfield>
      <subfield code="e">author</subfield>
   </datafield>
   <datafield ind2=" " ind1=" " tag="720">
      <subfield code="a">Andrade Mendes, Luciana</subfield>
      <subfield code="e">author</subfield>
   </datafield>
   <datafield ind2=" " ind1=" " tag="720">
      <subfield code="a">Torres Castro, Rodrigo</subfield>
      <subfield code="e">author</subfield>
   </datafield>
   <datafield ind2=" " ind1=" " tag="720">
      <subfield code="a">Fregonezi, Guilherme Augusto de Freitas</subfield>
      <subfield code="e">author</subfield>
   </datafield>
   <datafield ind2=" " ind1=" " tag="720">
      <subfield code="a">Gimeno-Santos, Elena</subfield>
      <subfield code="e">author</subfield>
   </datafield>
   <datafield ind2=" " ind1=" " tag="720">
      <subfield code="a">Vilaro, Jordi</subfield>
      <subfield code="e">author</subfield>
   </datafield>
   <datafield ind2=" " ind1=" " tag="720">
      <subfield code="a">Resqueti, Vanessa R.</subfield>
      <subfield code="e">author</subfield>
   </datafield>
   <datafield ind2=" " ind1=" " tag="260">
      <subfield code="c">2023-04</subfield>
   </datafield>
   <datafield ind2=" " ind1=" " tag="520">
      <subfield code="a">Introduction COVID-19 is an infectious disease that causes severe acute respiratory syndrome. A large variety of exercise capacity tests are used for the evaluation of post-COVID-19 patients, but the psychometric properties of these exercise tests remain undetermined in this population. This study aims to critically appraise, compare and summarise the psychometric properties (validity, reliability and responsiveness) of all physical performance tests that are used to assess exercise capacity in post-COVID-19 patients.&#xd;
&#xd;
Methods and analysis This systematic review protocol follows the Preferred Reporting Items for Systematic Reviews and Meta-Analyses Protocols guidelines. We will include studies with hospitalised adult post-COVID-19 patients (aged 18 years or older and with a confirmed diagnosis of COVID-19). The research will cover randomised controlled trials (RCTs), quasi-RCTs and observational studies published in English and performed in the following settings: hospital, rehabilitation centre, outpatient clinic. We will search the following databases with no date restrictions: PubMed/MEDLINE, EMBASE, SciELO, Cochrane Library, CINAHL and Web of Science. Two authors will independently assess the risk of bias (using the Consensus-Based Standards for the Selection of Health Measurement Instruments Risk of bias checklist) and the certainty of evidence (using the Grading of Recommendations, Assessment, Development and Evaluations). According to the results obtained, data will be meta-analysed or reported narratively.&#xd;
&#xd;
Ethics and dissemination No ethical approval is required for this publication since it will be based on published data. Results of this review will be disseminated via peer-reviewed publications and conference presentations.</subfield>
   </datafield>
   <datafield ind1="8" ind2=" " tag="024">
      <subfield code="a">http://hdl.handle.net/20.500.14342/5164</subfield>
   </datafield>
   <datafield ind1="8" ind2=" " tag="024">
      <subfield code="a">https://doi.org/10.1136/bmjopen-2022-067392</subfield>
   </datafield>
   <datafield tag="653" ind2=" " ind1=" ">
      <subfield code="a">COVID-19 (Malaltia)</subfield>
   </datafield>
   <datafield tag="653" ind2=" " ind1=" ">
      <subfield code="a">Aparell respiratori -- Proves funcionals</subfield>
   </datafield>
   <datafield tag="653" ind2=" " ind1=" ">
      <subfield code="a">Rendiment (Esports)</subfield>
   </datafield>
   <datafield tag="653" ind2=" " ind1=" ">
      <subfield code="a">Propietats psicomètriques</subfield>
   </datafield>
   <datafield tag="653" ind2=" " ind1=" ">
      <subfield code="a">Revisions sistemàtiques (Investigació mèdica)</subfield>
   </datafield>
   <datafield ind2="0" ind1="0" tag="245">
      <subfield code="a">Physical performance testing in post-COVID-19 patients: protocol for a systematic review of psychometric measurement properties</subfield>
   </datafield>
</record></metadata></record></GetRecord></OAI-PMH>